• 首页
  • 本馆介绍
  • 公告通知
  • 最新文献
  • 馆藏检索
  • 电子资源
  • 读者导购
  • 参考咨询
  • 我的图书馆
  • 登录
  • 详细信息显示
  • 放入我的书架
  • 预约/预借图书
  • 作者相关作品
  • 分类相关作品
  • 丛书相关作品
  • 出版社相关作品

书目信息

  • 表格格式
  • 工作单格式
  • 卡片格式
题名:
中国阿拉伯文化交流史话
    
 
作者: 宋岘 著
分册:  
出版信息: 北京   中国大百科全书出版社  2000
页数: 152页
开本: 19cm
丛书名: 中华文明史话
单 册:
中图分类: K203 , K370.03 , Z1
科图分类:
主题词: 文化交流--文化史--中国、阿拉伯国家--古代 , 文化交流 , 文化史 , 丛书
电子资源:
ISBN: 7-5000-6345-8
000 01000oam2 2200301 450
001 1575973847
005 20151111135014.34
010    @a7-5000-6345-8@dCNY10.00
100    @a20001009d2000 em y0chiy0110 ea
101 0  @achi
102    @aCN@b110000
105    @ay z 000yy
200 1  @a中国阿拉伯文化交流史话@9zhong guo a la bo wen hua jiao liu shi hua@f宋岘[著]
210    @a北京@c中国大百科全书出版社@d2000
215    @a152页@d19cm
225 2  @a中华文明史话
330    @a本书扼要介绍了7~19世纪阿拉伯与中国1300年交往的历史。书中不仅讲述了杜环的阿拉伯之行、郑和下西洋、中阿的海上贸易,而且着重介绍了伊斯兰教在中国的传播,以及中国四大发明经阿拉伯人之手传入欧洲的情况。
461  0 @12001 @a中华文明史话
606 0  @a文化交流@x文化史@y中国、阿拉伯国家@z古代
606 0  @a文化交流
606 0  @a文化史
606 0  @a丛书
690    @aK203@v5
690    @aK370.03@v5
690    @aZ1@v4
701  0 @a宋岘@9song xian@4著
801  0 @aCN@bTSSF@c20150122
905    @aZUCC@dZ1@eJY27:76
    
    中国阿拉伯文化交流史话/宋岘[著].-北京:中国大百科全书出版社,2000
    152页;19cm.-(中华文明史话)
    
    
    ISBN 7-5000-6345-8:CNY10.00
    本书扼要介绍了7~19世纪阿拉伯与中国1300年交往的历史。书中不仅讲述了杜环的阿拉伯之行、郑和下西洋、中阿的海上贸易,而且着重介绍了伊斯兰教在中国的传播,以及中国四大发明经阿拉伯人之手传入欧洲的情况。
●
相关链接 在E读中查询图书 在五车中查询图书 在当当中查询图书 在豆瓣中查询图书


正题名:中国阿拉伯文化交流史话     索取号:Z1/JY27:76         预约/预借

序号 登录号 条形码 馆藏地/架位号 状态 备注
1 7844270   278442703   学院路分馆/ [索取号:Z1/JY27:76] 在馆    
2 7844271   278442712   学院路分馆/ [索取号:Z1/JY27:76] 在馆    
3 7844272   278442721   学院路分馆/ [索取号:Z1/JY27:76] 在馆    
4 7844273   278442730   学院路分馆/ [索取号:Z1/JY27:76] 在馆    
唐山师范学院图书馆 欢迎您!
大连网信软件有限公司© 版权所有